| 000 | 005830000a22002050004500 | ||
|---|---|---|---|
| 001 | 12977 | ||
| 010 | _a972-20-1681-4 | ||
| 090 | _a12977 | ||
| 100 | _a20050530d2001 m y0pory5003 ba | ||
| 101 | 0 | _apor | |
| 102 | _aPT | ||
| 200 | 1 |
_aEnsaios e discursos _fMiguel Torga |
|
| 205 | _a1ª ed. conjunta | ||
| 210 |
_aLisboa _cDom Quixote _d2001 |
||
| 215 | _a286 p | ||
| 225 | 2 | _aAutores de língua portuguesa | |
| 675 |
_a821.134-4"19" _vBN _zpor |
||
| 700 | 1 |
_aTorga _bMiguel _cpseud. |
|
| 942 |
_cMON _n0 |
||
| 999 |
_a12977 _bBibliobase - BMTAV _c2019-01-21 |
||